CLINICAL PEARLS IN PULMONOLOGY (Record no. 216987)

MARC details
000 -LEADER
fixed length control field 00548nam a22001937a 4500
008 - FIXED-LENGTH DATA ELEMENTS--GENERAL INFORMATION
fixed length control field 260416b |||||||| |||| 00| 0 eng d
020 ## - INTERNATIONAL STANDARD BOOK NUMBER
International Standard Book Number 9789351524175
050 ## - LIBRARY OF CONGRESS CALL NUMBER
Classification number RC 731 .C55 2017
Item number C.1
100 ## - MAIN ENTRY--PERSONAL NAME
Personal name I K HEMANTH
245 ## - TITLE STATEMENT
Title CLINICAL PEARLS IN PULMONOLOGY
250 ## - EDITION STATEMENT
Edition statement 1ST
260 ## - PUBLICATION, DISTRIBUTION, ETC.
Place of publication, distribution, etc. NEW DELHI
Name of publisher, distributor, etc. JAYPEE BROTHERS MEDICAL
Date of publication, distribution, etc. 2017
300 ## - PHYSICAL DESCRIPTION
Extent 171P
500 ## - GENERAL NOTE
General note INCLUDES INDEX
650 ## - SUBJECT ADDED ENTRY
Topical term or geographic name entry element RESPIRATORY SYSTEMS -DISEASES ,PULMONARY MEDICINE -CASE STUDY
700 ## - ADDED ENTRY--PERSONAL NAME
Personal name KRISHNAN VINOD MC
942 ## - ADDED ENTRY ELEMENTS (KOHA)
Source of classification or shelving scheme Library of Congress Classification
Koha item type Long Loan Book
Holdings
Withdrawn status Lost status Source of classification or shelving scheme Damaged status Not for loan Collection Home library Current library Shelving location Date acquired Inventory number Total checkouts Full call number Barcode Date last seen Copy number Price effective from Koha item type
    Library of Congress Classification     Medicine Kisii University Library Kisii University Library On Display 04/16/2026 112838   RC 731 .C55 2017 A000373 04/16/2026 C.1 04/16/2026 Long Loan Book
    Library of Congress Classification     Medicine Kisii University Library Kisii University Library On Display 04/16/2026 112839   RC 731 .C55 2017 A000375 04/16/2026 C.2 04/16/2026 Long Loan Book
    Library of Congress Classification     Medicine Kisii University Library Kisii University Library On Display 04/16/2026 112840   RC 731 .C55 2017 A000376 04/16/2026 C.3 04/16/2026 Long Loan Book
    Library of Congress Classification     Medicine Kisii University Library Kisii University Library On Display 04/16/2026 112841   RC 731 .C55 2017 A000377 04/16/2026 C.4 04/16/2026 Long Loan Book